Auswanderungen Singapur - Statistiken

Allgemein
  • Dieses Quiz wurde 73 mal gespielt
  • Das Durchschnittsergebnis liegt bei 12 aus 15
Antwortstatistiken
Platz Land Anzahl % Korrekt
13. Deutschland 2.638
98%
5. Indonesien 23.524
98%
4. Vereinigte Staaten 39.018
98%
6. China 12.799
97%
12. Japan 2.735
94%
1. Malaysia 91.002
94%
2. Australien 64.739
92%
14. Frankreich 2.512
91%
10. Indien 4.155
91%
7. Kanada 12.582
91%
3. Vereinigtes Königreich 58.432
88%
9. Neuseeland 5.734
83%
15. Schweiz 2.349
47%
8. Bangladesch 9.709
45%
11. Niederlande 4.126
38%
Keine übereinstimmenden Quizze gefunden
Verteilung der Resultate
Anzahl Personen mit jedem Resultat
Perzentil nach korrekt beantworteten Fragen
Ihre Resultats-Entwicklung
Sie haben dieses Quiz noch nicht gespielt